| 000 | 00516 a2200157 4500 | ||
|---|---|---|---|
| 020 | _a 8185944024 | ||
| 082 | _a300.72 | ||
| 090 |
_c3220 _d3220 |
||
| 100 | _aBell, Judith | ||
| 245 |
_aHow to Complete your Research Project Successfully: A guide for first-time researchers _cJudith Bell _hBook |
||
| 260 |
_aNew Delhi : _bUBS Publishers Distributors Ltd., _c1999. |
||
| 300 |
_a139 p. : _bill. _c22 cm. |
||
| 500 | _aIncludes Index | ||
| 650 | _aUnited States--Foreign relations--Collections | ||
| 942 |
_cBK _k300.72 BEL |
||
| 999 |
_c7135 _d7135 |
||